000 00492nam a22001937a 4500
003 MPLRDC
005 20220104144208.0
008 210129b ||||| |||| 00| 0 eng d
020 _a957-615-231-3
082 _a137 OSHO
100 _aMASTER OSHO 奥修大师
245 _a无边无际
_c刁新哲译
250 _a初版
260 _a台湾
_b探索文化事业有限公司
_c1999
300 _b253
490 _a心灵探索. 20
650 _a印度哲学
942 _cBK
_o137 OSHO
999 _c47298
_d47288